Faculty of Law Library — Cairo University

Official Online Catalog

Traité De Science Politique. (Record no. 75046)

MARC details
000 -LEADER
fixed length control field 00987nam a2200289 i 4500
003 - CONTROL NUMBER IDENTIFIER
control field EG-GICUC
005 - DATE AND TIME OF LATEST TRANSACTION
control field 20260503062352.0
008 - FIXED-LENGTH DATA ELEMENTS--GENERAL INFORMATION
fixed length control field 260503s1956 fr |||fr|||| 000 0 eng d
040 ## - CATALOGING SOURCE
Original cataloging agency EG-GiCUC
Language of cataloging fre
Transcribing agency EG-GiCUC
Modifying agency EG-GiCUC
Description conventions Rda
041 0# - LANGUAGE CODE
Language code of text/sound track or separate title fre
082 04 - DEWEY DECIMAL CLASSIFICATION NUMBER
Edition number 21
Classification number 342
Item number BU . T
092 04 - LOCALLY ASSIGNED DEWEY CALL NUMBER (OCLC)
Edition number 21
099 ## - LOCAL FREE-TEXT CALL NUMBER (OCLC)
Classification number Law1 08 342 BU . T 1956
100 1# - MAIN ENTRY--PERSONAL NAME
Personal name Burdeau, Georges
Relator term Auteur
245 10 - TITLE STATEMENT
Title Traité De Science Politique.
Number of part/section of a work Tome Vi,
Name of part/section of a work La Démocratie Gouvernante Son Assise Sociale Et Sa Philosophie Politique:
Statement of responsibility, etc. Georges Burdeau.
264 #1 - PRODUCTION, PUBLICATION, DISTRIBUTION, MANUFACTURE, AND COPYRIGHT NOTICE
Place of production, publication, distribution, manufacture Paris:
Name of producer, publisher, distributor, manufacturer Librairie Générale De Droit Et De Jurisprudence;
Date of production, publication, distribution, manufacture, or copyright notice 1956.
300 ## - PHYSICAL DESCRIPTION
Extent 539 page ;
Dimensions 24 cm.
336 ## - CONTENT TYPE
Source rda contenu
Content type term texte
337 ## - MEDIA TYPE
Source rda medias
Media type term Ordinateur
338 ## - CARRIER TYPE
Source transporteur rda
Carrier type term Ressource en ligne
546 ## - LANGUAGE NOTE
Language note Texte en français
650 1# - SUBJECT ADDED ENTRY--TOPICAL TERM
Topical term or geographic name entry element Droit constitutionnel
Source of heading or term qrmak
651 1# - SUBJECT ADDED ENTRY--GEOGRAPHIC NAME
Source of heading or term qrmak
856 40 - ELECTRONIC LOCATION AND ACCESS
Uniform Resource Identifier <a href="https://fll.law.cu.edu.eg/fulltext/bks/B08-05040.pdf">https://fll.law.cu.edu.eg/fulltext/bks/B08-05040.pdf</a>
905 ## - Cataloger and Reviser Names
Cataloger Name: Esraa Khaled
942 ## - ADDED ENTRY ELEMENTS (KOHA)
Source of classification or shelving scheme Dewey Decimal Classification
Suppress in OPAC No
Koha item type Books
Edition 21
Holdings
Withdrawn status Lost status Source of classification or shelving scheme Damaged status Not for loan Collection Home library Current library Date acquired Total checkouts Full call number Barcode Date last seen Copy number Price effective from Koha item type Materials specified (bound volume or other part)
    Dewey Decimal Classification   Not for loan القانون الدستوري جــــامعة القــاهرة مكتبة كلية الحقوق - المبنى الرئيسي 03.05.2026   Law1 08 342 BU . T 1956 0805040 V6, C1 B08-05040 03.05.2026 1 03.05.2026 Books  
    Dewey Decimal Classification     القانون الدستوري جــــامعة القــاهرة مكتبة كلية الحقوق - المبنى الرئيسي 05.05.2026   Law1 08 342.51 BU . T 1956 0804526 V6, C2 B08-04526 05.05.2026 2 05.05.2026 Books V6

© All rights reserved — Faculty of Law, Cairo University

Implemented and Customized by: Eng. M. Mohamady